| 000 | 01824nas a2200481 i 4500 | ||
|---|---|---|---|
| 001 | 196223 | ||
| 003 | ES-MaACL | ||
| 005 | 20250731030203.0 | ||
| 007 | ta | ||
| 008 | 240819d1940194usp mr p 0uuub0spa | ||
| 016 | 7 |
_abiseBNE19950030238 _2SpMaBN _zREB940000813 |
|
| 035 | _a(OCoLC)733167403 | ||
| 035 | _a(SpMaBN)bise0000036096 | ||
| 035 | _a991029650959708606 | ||
| 037 | _bAlcalá, 81; tf. 55340 | ||
| 040 |
_aSpMaBN _bspa _cSIC _dES-MaACL |
||
| 080 | _a634.63 | ||
| 080 | _a634.63:331.105.44(460.27 M.) | ||
| 245 | 0 | 0 | _aBoletín del Sindicato Nacional del Olivo |
| 246 | 3 | _aBoletín provisional del Sindicato Nacional del Olivo | |
| 246 | 3 | _aBoletín del Sindicato Vertical del Olivo | |
| 260 |
_a[Madrid] : _bSindicato Nacional del Olivo, _c1940- |
||
| 300 |
_av. ; _c34 cm |
||
| 310 | _aMensual | ||
| 336 |
_2rdacontent _atexto |
||
| 337 |
_2rdamedia _asin mediación |
||
| 338 |
_2rdacarrier _avolumen |
||
| 362 | 0 | _aAño 1, n. 1 (21 nov. 1940)-año 2, n. 4 (8 en. 1941); [n.s.], año 1, n. 1 (en. 1941)- | |
| 500 | _aLos cuatro primeros números publicados con el título: Boletín provisional del Sindicato Nacional del Olivo | ||
| 500 | _aEs fusión de : Boletín del Sindicato Vertical del Olivo y Siembra. 1945. | ||
| 500 | _aEn oct. de 1944 recupera su tít. primitivo. | ||
| 594 | _aTítulo tomado de la cubierta | ||
| 610 | 2 | 7 |
_aSindicato Nacional del Olivo (España) _2embne _9238525 |
| 650 | 7 |
_aOlivicultura _9148202 |
|
| 650 | 7 |
_aAgricultura _2embne _99670 |
|
| 655 | 7 |
_9226866 _aRevistas |
|
| 710 | 2 |
_aSindicato Nacional del Olivo (España) _9238525 |
|
| 852 |
_aES-MaACL _jHem-1815 _xOlim: K-12 |
||
| 866 | 0 | _o1941(1942f.sep-oct)1943-1944. | |
| 942 |
_2udc _n0 _cPERIODICA |
||
| 999 |
_c196223 _d196223 |
||